00471 2200193 4500001002100000005001500021035002000036008004100056245004900097100001800146250000600164260003600170300001100206084001400217082000800231650001400239990001200253990001200265INLIS00000000000031020240503080958 a0010-0424000286240503 0 ind 1 aMengukur Bangun Ruang Tabung /cNurul Azizah aAzizah, Nurul a1 aKlaten :bIntan Pariwara,c2015 a52 hlm a500 NUR m a500 4aNon Fiksi a0728777 a0728778